Normal view
MARC view
Entry Topical Term
001 - CONTROL NUMBER
- control field: 13023
003 - CONTROL NUMBER IDENTIFIER
- control field: BD-RjUL
005 - DATE AND TIME OF LATEST TRANSACTION
- control field: 20240515124220.0
008 - FIXED-LENGTH DATA ELEMENTS
- fixed length control field: 240515|| aca||aabn | a|a d
040 ## - CATALOGING SOURCE
- Original cataloging agency: BD-RjUL
- Transcribing agency: BD-RjUL
150 ## - HEADING--TOPICAL TERM
- Topical term or geographic name entry element: Sellulosic
- Form subdivision: Waste Materials
670 ## - SOURCE DATA FOUND
- Source citation: Work cat.: (BD-RjUL)83752: Begum, Most. Ferdousi, Screening of Aspergilli from Sellulosic Waste Materials and Studies on their Cellulolytic Properties /, 2005